00632nam a2200157 a 4500008004100000020001500041050001800056100001800074245005300092246003400145260004000179350000900219995009500228999001700323952013400340120416s0000 ||||||||||||||||| || u a075062020X aHF 5415.5 Rel aPayne, Adrian10aRelationship marketing for corperative advantage awinning and keeping customers aOxfordbButterworth-Heinemannc1995 a0.00 D0.00FCBU-MAIN LIBRARY (Kitwe)H1I0.00M1UAVAILABLEZMain Library Open Access Collection c56009d56009 00102lcc4070a001b001cMain Library Open Access Collectiond2022-11-30l0oHF 5415.5 Relp027359r2022-11-30w2022-11-30y002